| 000 | 00515nam a2200181Ia 4500 | ||
|---|---|---|---|
| 005 | 20250326123913.0 | ||
| 008 | 250326s9999 xx 000 0 und d | ||
| 037 | _aTextbook | ||
| 040 |
_aFMSL _beng _cFMSL |
||
| 041 |
_aeng _2eng |
||
| 084 |
_aS8(X:8) K6 _qFMSL |
||
| 100 |
_aTannenbaum A S _9736348 |
||
| 245 | 0 |
_aSocial psychology of the work organization _cTannenbaum A S |
|
| 260 |
_aLondon _bLondon, Wadsworth _c1966 |
||
| 300 | _a136p | ||
| 942 |
_cTB _hS8(X:8) K6 |
||
| 999 |
_c1271409 _d1271409 |
||